000 01136cad a22002175a 4500
001 L138783
008 110516e20070705xxk f s f000 0 eng d
035 _a(Sirsi) u138783
041 0 _aeng
110 1 _aUnited Kingdom
_bDepartment for Business, Enterprise and Regulatory Reform
_95262
245 0 0 _aNew construction orders
_bMay 2007
_h[electronic resource]
260 _c2007
490 _aNational Statistics News Release
_v(URN 07/395e) 5 July 2007
520 _aIn the 12 months to May 2007, orders increased by 5% compared with the previous 12 months, and in the three months to May 2007, orders increased by 6% compared to the same period in 2006. Orders in the three months to May 2007 increased by 7% compared to the previous three months, boosted by rises in private commercial, public non-housing and private housing orders.
590 _aKA
650 2 4 _aDBERR NEW CONSTRUCTION ORDERS
651 4 _aGreat Britain
_y1707-
690 _aBUILT ENVIRONMENT-CONSTRUCTION MARKET
856 4 0 _uhttps://stats.bis.gov.uk/construction/neworders/index.asp
_zView the item free of charge at http://stats.bis.gov.uk
942 _n0
999 _c78989
_d78989